000 00535 a2200205 4500
005 20260327100739.0
008 260324b |||||||| |||| 00| 0 eng d
020 _a9781041029397
_cRs. 995.00
040 _aMAIN
082 _a350.954
_bC349P
100 _a Chakrabarty, Bidyut
245 _aPublic administration in India
260 _bRoutledge
_c2025
_aAbingdon
300 _a433
650 _aPublic Administration
650 _aIndia
650 _aIndian Administration
700 _aKandpal, Prakash Chand
942 _cBK
999 _c394512
_d394512